<?xml version="1.0" encoding="UTF-8"?>
<record
    xmlns:xsi="http://www.w3.org/2001/XMLSchema-instance"
    xsi:schemaLocation="http://www.loc.gov/MARC21/slim http://www.loc.gov/standards/marcxml/schema/MARC21slim.xsd"
    xmlns="http://www.loc.gov/MARC21/slim">

  <leader>03312nab a2200337 i 4500</leader>
  <controlfield tag="003">BR-BrBNA</controlfield>
  <controlfield tag="005">20260121153101.0</controlfield>
  <controlfield tag="008">260121b2024    bl.tr|pooa||| 00| 0 eng |</controlfield>
  <datafield tag="040" ind1=" " ind2=" ">
    <subfield code="a">BR-BrBNA</subfield>
    <subfield code="b">eng</subfield>
  </datafield>
  <datafield tag="072" ind1=" " ind2=" ">
    <subfield code="a">H20</subfield>
    <subfield code="b">0960</subfield>
  </datafield>
  <datafield tag="072" ind1=" " ind2=" ">
    <subfield code="a">H01</subfield>
  </datafield>
  <datafield tag="100" ind1=" " ind2=" ">
    <subfield code="a">Santos, Jana&#xED;na Pereira dos </subfield>
  </datafield>
  <datafield tag="100" ind1=" " ind2=" ">
    <subfield code="a">Lins Junior, Juracy Caldeira </subfield>
  </datafield>
  <datafield tag="100" ind1=" " ind2=" ">
    <subfield code="a">Wamser,  Anderson Fernando </subfield>
  </datafield>
  <datafield tag="100" ind1=" " ind2=" ">
    <subfield code="a">Cavalleri, Adriano </subfield>
  </datafield>
  <datafield tag="245" ind1=" " ind2=" ">
    <subfield code="a">Capture of thrips in semi-hydroponic strawberry cultivation using Moericke traps with different tones of blue</subfield>
  </datafield>
  <datafield tag="500" ind1=" " ind2=" ">
    <subfield code="a">

Publica&#xE7;&#xE3;o online;  15 ref.; 2 illus.; Summaries (En, Pt)</subfield>
  </datafield>
  <datafield tag="520" ind1=" " ind2=" ">
    <subfield code="a">


Abstract &#x2013;       Traps configure a practical and economical method to capture and monitor thrips in strawberry cultivations. This study aimed to evaluate the thrips capture efficiency of Moericke traps with different tones of blue (light, intermediate, and dark). Thrips were collected from October 2022 to October 2023 in a conventional semi-hydroponic cultivation of San Andreas and Monterrey strawberry cultivars. The traps were randomly distributed and arranged at the same height as the cultivation bench, with four replicates per tone of blue. To count the thrips, 20mL water samples were collected weekly from the bottom of each basin. The data were subjected to analysis of variance using the F test and the means were compared by the Tukey&#x2019;s test (p&#x2264;0.05). The light blue Moericke trap more effectively captured thrips in semi-hydroponic strawberry cultivation.  


Index terms:      Fragaria x ananassa; Thysanoptera; Integrated pest management</subfield>
  </datafield>
  <datafield tag="520" ind1=" " ind2=" ">
    <subfield code="a">


Resumo &#x2013;      O uso de armadilhas &#xE9; um m&#xE9;todo pr&#xE1;tico e econ&#xF4;mico para realizar a captura e o monitoramento de tripes em cultivos de morangueiro. Este estudo objetivou avaliar a efici&#xEA;ncia de captura de tripes em armadilhas do tipo Moericke de diferentes tonalidades de azul (clara, intermedi&#xE1;ria e escura). As coletas dos tripes ocorreram de outubro de 2022 a outubro de 2023, em cultivo convencional semi-hidrop&#xF4;nico de morangueiro dos cultivares San Andreas e Monterrey. As armadilhas foram  distribu&#xED;das  completamente  ao  acaso,  dispostas  na  mesma  altura  da  bancada  de  cultivo,  com  quatro  repeti&#xE7;&#xF5;es  por tonalidade de azul. Para a contagem dos tripes, amostras de 20mL de &#xE1;gua foram coletadas semanalmente do fundo de cada bacia. Os dados foram submetidos &#xE0; an&#xE1;lise de vari&#xE2;ncia pelo teste F e as m&#xE9;dias comparadas pelo teste de Tukey (p&#x2264;0,05). A armadilha Moericke de colora&#xE7;&#xE3;o azul-clara foi mais eficaz na captura de tripes em cultivo semi-hidrop&#xF4;nico de morangueiro.  



Termos para indexa&#xE7;&#xE3;o:       Fragaria x ananassa; Thysanoptera; Manejo integrado de pragas</subfield>
  </datafield>
  <datafield tag="650" ind1=" " ind2=" ">
    <subfield code="a">MORANGO</subfield>
  </datafield>
  <datafield tag="650" ind1=" " ind2=" ">
    <subfield code="a">PRAGA DE PLANTA</subfield>
  </datafield>
  <datafield tag="650" ind1=" " ind2=" ">
    <subfield code="a">TRIPES</subfield>
  </datafield>
  <datafield tag="650" ind1=" " ind2=" ">
    <subfield code="a">LEVANTAMENTO  FITOSSANIT&#xC1;RIO</subfield>
  </datafield>
  <datafield tag="650" ind1=" " ind2=" ">
    <subfield code="a">ARMADILHA</subfield>
  </datafield>
  <datafield tag="650" ind1=" " ind2=" ">
    <subfield code="a">CONTROLE INTEGRADO</subfield>
  </datafield>
  <datafield tag="650" ind1=" " ind2=" ">
    <subfield code="a">DEFESA VEGETAL</subfield>
  </datafield>
  <datafield tag="773" ind1="0" ind2=" ">
    <subfield code="0">1813</subfield>
    <subfield code="9">359867</subfield>
    <subfield code="d">Florian&#xF3;polis-SC Empresa de Pesquisa Agropecu&#xE1;ria e Extens&#xE3;o Rural de Santa Catarina 1988-</subfield>
    <subfield code="o">2026-0257</subfield>
    <subfield code="t">Agropecu&#xE1;ria Catarinense (Brazil)</subfield>
    <subfield code="x">0103-0779</subfield>
    <subfield code="g">v 37(2) p. 52-55; (2024)</subfield>
    <subfield code="w">BR2025007479</subfield>
  </datafield>
  <datafield tag="856" ind1=" " ind2=" ">
    <subfield code="u">https://publicacoes.epagri.sc.gov.br/rac/article/view/1832/1696</subfield>
  </datafield>
  <datafield tag="942" ind1=" " ind2=" ">
    <subfield code="c">ANA</subfield>
  </datafield>
  <datafield tag="999" ind1=" " ind2=" ">
    <subfield code="c">339883</subfield>
    <subfield code="d">339883</subfield>
  </datafield>
</record>
